000 00975cab a2200277 4500
001 WB3229-38
008 090401t1996 xxu||||| |||| 00| 0 eng d
035 _a(Sirsi) u60543
041 _aeng
245 _aMortgage fraud decision
260 _c1996
350 _a0
490 _aSolicitors` Journal
_v40(28) 19 July 1996, 706
490 _aTimes
_vTimes 11 July 1996, 36(2)
520 _a"R v Preddy"; "R v Slade" and "R v Dhillon" HL 10 July 1996. Held that where payment was made electronically or by cheque no identifiable property passed from mortgage lender to payee, payee could not therefore be guilty of dishonestly attempting to obtain property.
650 _aELECTRONIC MONEY TRANSFER
650 _aINTANGIBLE PROPERTY
650 _aMORTGAGE FRAUD
650 _aR V DHILLON
650 _aR V PREDDY
650 _aR V SLADE
650 _aTHEFT ACT 1968 S15
690 _aPROPERTY LAW AND PRACTICE-CASE LAW
942 _n0
948 _c04/03/1997
999 _c37362
_d37362